| 000 | 00773nam a22002177a 4500 | ||
|---|---|---|---|
| 005 | 20170124110023.0 | ||
| 010 | _aB-024217 | ||
| 020 | _c00.00 | ||
| 035 | _aB-024217 | ||
| 037 | _bCen Lib/Ret | ||
| 040 |
_aDPL _bEN |
||
| 082 |
_a529.3 _bPUT |
||
| 100 |
_aPuthraan, Manohar R. _920069 |
||
| 245 |
_aTime the cycle of seven : _cby Manohar R.Puthraan _beverything you always wanted to know about the gregorian calendar with infinite methods for "day-date" calculation / |
||
| 260 |
_aNew Mumbai _bMRP Publishing House _c2000 |
||
| 270 |
_aC2-10/3;2, Sector 16, Vashi _bMumbai _e400705 |
||
| 300 |
_axxxiii,257p. _c20cm(Hb) |
||
| 500 | _aIncludes bibliographical references and index | ||
| 650 |
_aMathematics. _98937 |
||
| 942 |
_2ddc _cEN _h529.3 _mPUT |
||
| 999 |
_c127300 _d127300 |
||